Statystyki dla Rywale Polskich klubów w europejskich pucharach od 2011/12

Kliknij tutaj aby rozwiązać quiz!

Ogólne statystyki

  • Ten quiz został rozwiązany 841 razy
    (27 od ostatniego zresetowania)
  • Średni wynik to 41 z 132

Statystyki odpowiedzi

Krajsezonklub% Poprawnych
Białoruś20/21Dinamo Mińsk
83%
Belgia18/19Genk
83%
Portugalia11/12, 16/17, 23/24Sporting CP
83%
Anglia23/24Aston Villa
78%
Austria23/24Austria Wiedeń
78%
Belgia18/19, 21/22, 23/24Gent
78%
Holandia14/15,16/17Ajax
74%
Kazachstan17/18, 22/23Astana
74%
Szkocja14/15Celtic
74%
Gruzja17/18, 22/23Dinamo Batumi
74%
Dania20/21, 23/24FC Kopenhaga
74%
Azerbejdzan13/14, 20/21, 22/23, 23/24Qarabag
74%
Niemcy16/17Borussia Dortmund
70%
Włochy15/16Fiorentina
70%
Włochy23/24Atalanta
65%
Białoruś19/20Bate
65%
Norwegia13/14, 23/24Molde
65%
Szkocja19/20,20/21Rangers
65%
Hiszpania16/17Real Madryt
65%
Słowacja18/19,22/23, 23/24Spartak Trnava
65%
Anglia2011/2012Fulham
61%
Rumunia2011/2012Rapid Bukareszt
61%
Rosja2011/2012, 21/22Spartak Moskwa
61%
Cypr2011/2012Apoel
57%
Włochy13/14Lazio
57%
Anglia21/22Leicester
57%
Austria22/23Rapid Wiedeń
57%
Czechy21/22, 22/23Slavia Praga
57%
Bułgaria16/17Sławia Sofia
57%
Austria23/24Sturm Graz
57%
Norwegia21/22, 22/23Bodo/Glimt
52%
Belgia13/14,15/16Club Brugge
52%
Izrael2011/2012Hapoel Tel Awiw
52%
Holandia2011/2012PSV Eindhoven
52%
Portugalia20/21SL Benfica
52%
Litwa13/14Zalgiris Wilno
52%
Luksemburg18/19, 22/23Dudelange
48%
Szwajcaria15/16Fc Basel
48%
Izrael21/22Hapoel Beer Sheva
48%
Szwecja20/21Malmo
48%
Włochy15/16, 21/22Napoli
48%
Cypr15/16,20/21Omonia Nikozja
48%
Mołdawia17/18Sheriff
48%
Chorwacja21/22Dinamo Zagrzeb
43%
Liechtenstein14/15FC Vaduz
43%
Norwegia12/13Rosenborg
43%
Rumunia13/14Steaua
43%
Serbia16/17Partizan
39%
Belgia11/12, 20/21Standard Liege
39%
Szwecja12/13AIK Fotboll
35%
Irlandia16/17Dundalk
35%
Macedonia Północna12/13Metalurg Skopje
35%
Rosja21/22Rubin Kazań
35%
Turcja13/14,14/15Trabzonspor
35%
Litwa23/24Zalgiris Kowno
35%
Ukraina15/16Zoria Ługańsk
35%
Holandia23/24AZ Alkmaar
30%
Dania19/20, 22/23Brondby
30%
Irlandia18/19Cork City
30%
Holandia2011/2012FC Twente
30%
Bośnia i Hercegowina15/16FK Sarajewo
30%
Estonia21/22, 23/24Flora Talinn
30%
Łotwa2011/2012Skonto FC
30%
Cypr13/14,20/21Apollon
26%
Cypr23/24Aris Limassol
26%
Belgia20/21Charleroi
26%
Czarnogóra12/13Buducnost Podgorica
22%
Słowacja19/20Dunajska Streda
22%
Holandia17/18FC Utrecht
22%
Szwecja15/16,16/17IFK Goteborg
22%
Islandia22/23KR Reykjavik
22%
Belgia14/15Lokeren
22%
Bułgraia2011/2012Lokomotiw Sofia
22%
Chorwacja21/22NK Osijek
22%
Dania2011/2012Odense BK
22%
Kazachstan23/24Ordabasy
22%
Irlandia14/15St. Patrick’s Athletic
22%
Macedonia Połnocna22/23Akademija Pandev
17%
Armenia21/22Ararat Erywań
17%
Portugalia15/16Belenenses
17%
Szwecja22/23Djurgardens IF
17%
Szkocja2011/2012Dundee United
17%
Dania15/16,17/18, 23/24FC Midtjylland
17%
Słowacja16/17,18/19Trencin
17%
Austria20/21TSV Hartberg
17%
Czechy12/13Viktoria Pilzno
17%
Bośnia i Hercegowina16/17, 23/24Zrinjski Mostar
17%
Gibraltar19/20FC Europa
13%
Albania15/16FK Kukesi
13%
Szwecja20/21Hammarby
13%
Słowenia15/16NK Celje
13%
Łotwa19/20Riga FC
13%
Portugalia18/19Rio Ave
13%
Hiszpania13/14Sevilla
13%
Łotwa20/21Valmiera FC
13%
Grecja19/20Atromitos
9%
Kosowo20/21Drita
9%
Irlandia Północna20/21, 23/24Linfield
9%
Ukraina14/15Metalist Charków
9%
Islandia14/15Stjarnan
9%
Walia13/14The New Saints
9%
Islandia22/23Vikingur Reykjavik
9%
Dania14/15Esbjerg
4%
Rumunia15/16FC Botosani
4%
Kazachstan14/15FK Aktöbe
4%
Norwegia17/18FK Haugesund
4%
Azerbejdzan17/18FK Qabala
4%
Armenia18/19Gandzasar
4%
Turcja2011/2012Gaziantepspor
4%
Szwecja12/13Helsingborgs
4%
Finlandia19/20Kuopio
4%
Bułgaria2011/2012liteks łowecz
4%
Estonia21/22Paide Linnameeskond
4%
Macedonia Północna16/17Shkendija Tetowo
4%
Austria12/13SV Ried
4%
Belgia14/15Zulte Waregem
4%
Finlandia13/14FC Honka
0%
Macedonia Północna17/18FK Pelister
0%
Niemcy12/13Hannover 96
0%
Finlandia17/18IFK Mariehamn
0%
Kazachstan2010/2011Irtysz Pawłodar
0%
Litwa15/16Kruoja Pokroje
0%
Łotwa12/13Liepajas Metalurgs
0%
Estonia14/15Nomme Kalju
0%
Czarnogóra13/14Rudar Pljevlja
0%
Dania16/17Sonderjyske
0%
Litwa21/22Suduva Mariampol
0%
Białoruś18/19Szachcior Soligorsk
0%
Węgry15/16Videoton FC
0%
Azerbejdzan12/13Xezer Lenkoran
0%
Mołdawia18/19Zaria
0%
Kazachstan12/13Żetysu Tałdykorgan
0%

Rozkład punktacji

Percentyl według liczby udzielonych odpowiedzi

Procent ludzi z każdym wynikiem

Twoja historia wyników

Nie rozwiązałeś tego quizu od ostatniego zresetowania